| 000 | 03567cam a22006494i 4500 | ||
|---|---|---|---|
| 003 | PE-LiUPU | ||
| 005 | 20250731170454.0 | ||
| 008 | 150706s2007 sp a r 000 0 spa d | ||
| 020 | _a9788445817698 | ||
| 035 | _a(Sirsi) i9788445817698 | ||
| 040 |
_aPE-LiUPU _bspa _cPE-LiUPU _erda |
||
| 049 | _aPRUA | ||
| 082 | 0 | 4 |
_a155.25 _bT7 _221 |
| 245 | 0 | 0 |
_aTratado de los trastornos de la personalidad / _cdirigido por John M. Oldham, Andrew E. Skodol, Donna S. Bender ; directores asociados, Glen O. Gabbard . [et al. ; traducción y producción, EdiDe]. |
| 264 | 1 |
_aBarcelona : _bElsevier Masson, _c2007. |
|
| 300 |
_a709 páginas : _bilustraciones ; _c28 centímetros |
||
| 336 |
_atext _2rdacontent |
||
| 337 |
_aunmediated _2rdamedia |
||
| 338 |
_avolume _2rdacarrier |
||
| 500 | _aPrecede al tít.: The American Psychiatric Publishing . | ||
| 505 | 0 | _aConceptos básicos -- Trastornos de la personalidad: historia reciente y direcciones futuras -- Teorías de la personalidad y trastornos de la personalidad -- Modelos categoriales y dimensionales de los trastornos de la personalidad -- Evaluavción clínica -- Manifestaciones, diagnóstico clínico y comorbilidad -- Instrumentos de evaluación y evaluación estandarizada -- Evolución y pronóstico de los trastornos de la personalidad -- Etiología -- Perspectiva integradora actual sobare los trastornos de la personalidad -- Epidemiología -- Genética -- Neurobiología -- Aspectos evolutivos -- Teoría del apego y modelo orientado a la mentalización del trastorno límite de la personalidad -- Papel de las experiencias de la infancia en el desarrollo de rasgos de personalidad adaptativos y desadaptivos -- Factores socioculturales -- Tratamiento -- Niveles de asistencia en el tratamiento -- Psicoanálisis -- Psicoterapias psicodinámicas -- Terapia de esquemas -- Terapia dialectica conductual -- Terapia interpersonal -- Psicoterapia de apoyo -- Tratamiento de grupo -- Terapia familiar -- Psicoeducación -- Tratamientos somáticos -- . | |
| 526 | _aSEG68 | ||
| 526 | _aSEG70 | ||
| 526 | _aSEG69 | ||
| 526 | _aSEG67 | ||
| 526 | _aSEG43 | ||
| 526 | _aP144 | ||
| 526 | _aP143 | ||
| 526 | _aP131 | ||
| 526 | _aP122 | ||
| 526 | _aP120 | ||
| 526 | _aP117 | ||
| 526 | _aP112 | ||
| 526 | _aP110 | ||
| 526 | _aP106 | ||
| 526 | _aP101 | ||
| 526 | _aP80 | ||
| 526 | _aP59 | ||
| 526 | _aP54 | ||
| 526 | _aP35 | ||
| 526 | _aP33 | ||
| 526 | _aP30 | ||
| 541 | _g044-008278; | ||
| 541 | _g044-008278; | ||
| 650 | 0 | 4 |
_aPersonalidad _xTrastornos . |
| 700 | 1 |
_aOldham, John M., _edir. |
|
| 700 | 1 |
_aSkodol, Andrew E., _edir. |
|
| 700 | 1 |
_aBender, Donna S., _edir. |
|
| 910 |
_agl _bjv _clch _d20120821 |
||
| 942 |
_2ddc _cBOOK |
||
| 949 |
_a155.25 T7 _wDEWEY _c1 _i65245 _lCCODEBUL1 _mBUL _p147.00 _r0 _sY _tBOOK _u2015-7-6 _xSALUD _PP33 _o.STAFF. Colección General |
||
| 949 |
_a155.25 T7 _wDEWEY _c2 _i65246 _lCCODEBUL1 _mBUL _p147.00 _r0 _sY _tBOOK _u2015-7-6 _xSALUD _PP33 _o.STAFF. Colección General |
||
| 994 |
_aC0 _bPEPRU |
||
| 596 | _a1 | ||
| 999 |
_a155.25 T7 _wDEWEY _c53845 _i65245 _d53845 _e2019-11-21 _f2021-11-3 _g5 _lCCODEBUL1 _mBUL _n36 _p147.00 _q26 _r0 _sY _tBOOK _u2015-7-6 _xSALUD _PP33 _0COMPRA _o.STAFF. Colección Ciencias de la Salud |
||
| 999 |
_a155.25 T7 _wDEWEY _c2 _i65246 _d2020-1-29 _e2019-11-20 _f2021-11-3 _g5 _lCCODEBUL1 _mBUL _n40 _p147.00 _q18 _r0 _sY _tBOOK _u2015-7-6 _xSALUD _PP33 _0COMPRA _o.STAFF. Colección Ciencias de la Salud |
||
| 980 |
_81 _gALBERTO SANCHEZ Responsable de Automatización |
||